00580nam a2200205Ia 4500003000400000005001700004008004100021020001900062040000700081041000800088082001300096100002500109245003100134260002000165300000900185650002000194942001300214999001900227952012800246OSt20251016153249.0250729s2005 xx 000 0 und d a 9788190283717 cAL aeng a000 GHOL aGhose Vijaya9223209 aLimca book of records 2005 aNew Delhic2005 a471p aEnglish9223210 2ddccBED c235789d235789 00104070aALbALd2025-07-29eBook Exhibitiong125.00l0o000 GHOLpBED01108r2025-07-29 16:54:18v125.00w2025-07-29yBK